| 000 | 00698nam a2200181Ia 4500 | ||
|---|---|---|---|
| 008 | 090630s9999 xx 000 0 und d | ||
| 082 | _b1287 | ||
| 100 | _aकुळकर्णी व्हि.एस. | ||
| 245 |
_aमुंबई सावकार अधिनियम. _cकुळकर्णी व्हि.एस. |
||
| 260 |
_bजोशी व. श. _c1970 |
||
| 300 | _a87 | ||
| 600 | _aकुळकर्णी व्हि.एस. | ||
| 630 | _aमुंबई सावकार अधिनियम. | ||
| 655 | _aइतर. | ||
| 700 | _aकुळकर्णी व्हि.एस. | ||
| 730 | _aमुंबई सावकार अधिनियम. | ||
| 942 | _cBOOK | ||
| 999 |
_c253143 _d253143 |
||